English pattern practices : establishing the patters as habits (Registro nro. 208233)

Detalles MARC
001 - NÚMERO DE CONTROL
campo de control 678581
005 - FECHA Y HORA DE LA ÚLTIMA TRANSACCIÓN
campo de control 20260506091522.0
008 - DATOS DE LONGITUD FIJA--INFORMACIÓN GENERAL
campo de control de longitud fija 010803s1964 eng
035 ## - NÚMERO DE CONTROL DEL SISTEMA
Número de control de sistema 678581
040 ## - FUENTE DE LA CATALOGACIÓN
Centro/agencia transcriptor comduadb
041 ## - CÓDIGO DE LENGUA
Código de lengua del texto/banda sonora o título independiente eng
082 #4 - NÚMERO DE LA CLASIFICACIÓN DECIMAL DEWEY
Número de clasificación 372
100 10 - ENTRADA PRINCIPAL--NOMBRE DE PERSONA
Nombre de persona Lado, Robert
Código de función aut
Término indicativo de función/relación Autor/a
9 (RLIN) 475759
245 10 - MENCIÓN DE TÍTULO
Título English pattern practices : establishing the patters as habits
260 ## - PUBLICACIÓN, DISTRIBUCIÓN, ETC.
Lugar de publicación, distribución, etc. United States :
Nombre del editor, distribuidor, etc. University of Michigan Press,
Fecha de publicación, distribución, etc. 1964.
300 ## - DESCRIPCIÓN FÍSICA
Extensión 338p., 17 hojas plegadas
650 #7 - PUNTO DE ACCESO ADICIONAL DE MATERIA--TÉRMINO DE MATERIA
Término de materia o nombre geográfico como elemento de entrada Inglés
Subdivisión general Enseñanza
Fuente del encabezamiento o término lemb
9 (RLIN) 49481
650 ## - PUNTO DE ACCESO ADICIONAL DE MATERIA--TÉRMINO DE MATERIA
Término de materia o nombre geográfico como elemento de entrada Foreign language students
9 (RLIN) 77709
650 ## - PUNTO DE ACCESO ADICIONAL DE MATERIA--TÉRMINO DE MATERIA
Término de materia o nombre geográfico como elemento de entrada Estudiantes de lenguas extranjeras
9 (RLIN) 81189
650 ## - PUNTO DE ACCESO ADICIONAL DE MATERIA--TÉRMINO DE MATERIA
Término de materia o nombre geográfico como elemento de entrada English as a second language
9 (RLIN) 75925
650 ## - PUNTO DE ACCESO ADICIONAL DE MATERIA--TÉRMINO DE MATERIA
Término de materia o nombre geográfico como elemento de entrada Inglés como segunda lengua
9 (RLIN) 7375
650 #7 - PUNTO DE ACCESO ADICIONAL DE MATERIA--TÉRMINO DE MATERIA
Término de materia o nombre geográfico como elemento de entrada Inglés
Subdivisión general Enseñanza
Fuente del encabezamiento o término lemb
9 (RLIN) 49481
700 10 - ENTRADA AGREGADA--NOMBRE PERSONAL
Nombre de persona Fries, Charles Carpenter
Código de función aut
Término indicativo de función/relación Autor/a
9 (RLIN) 503351
942 ## - ELEMENTOS DE ENTRADA AGREGADA (KOHA)
Tipo de ítem Koha Libros
Existencias
Estado de retiro Estado de pérdida Estado dañado No para préstamo Código de colección Localización permanente Ubicación/localización actual Fecha de adquisición Número de inventario Total de préstamos Signatura topográfica completa Código de barras Fecha visto por última vez Número de copia Precio válido a partir de Tipo de ítem Koha Fecha del último préstamo
        Colección General Biblioteca de Idiomas (BL. 12-127) Biblioteca de Idiomas (BL. 12-127) 03/08/2001 C693016   372.6521 I/L156 61000003679319 23/04/2023 1 23/04/2023 Libros  
        Colección General Biblioteca de Idiomas (BL. 12-127) Biblioteca de Idiomas (BL. 12-127) 03/08/2001 C693017 1 372.6521 I/L156 e2 0773877 05/09/2024 2 23/04/2023 Libros 26/08/2024